00799cam a22002411a 4500001001300000003000400013005001700017008004100034010001700075035001900092040003700111042001200148050001900160245004300179260005500222300003600277500004600313500006200359600004400421700003300465740004200498999001700540he 66000575 DLC20260227111437.0820628s1965 is ac 000 0 yid  ahe 66000575  a(OCoLC)8557757 aDLCcMdBEdPPiUdOCoLCdNcDdDLC apremarc00aPJ5129.P4bZ4200aY. L. Peretz in der yidisher dikhtung. aTel Aviv, Israel :bI.L. Peretz Pub. House,c1965. a222 p. :bill., port. ;c23 cm. a"Editing by Nachman Meisel."--T.p. verso. aTitle on added t.p.: J.L. Peretz in der jdisher Dichtung.10aPeretz, Isaac Leib,d1851 or 1852-1915.1 aMayzel, Nachman,d1887-1966.0 aJ. L. Peretz in der jdisher Dichtung. c31633d31633